000 00292nam a22001337a 4500
008 181012b xxu||||| |||| 00| 0 eng d
020 _a0714526150
041 _aeng
080 _a070
100 _a40
101 _aMED
245 _aDevoding Advertisments
_cWilliamson, J
942 _2udc
_cBK
999 _c49583
_d49583